000 00502nam a2200181Ia 4500
001 23201
005 20260414150921.0
008 260414t2008||||xx |||||||||||||| ||spa||
041 _aESP
082 _a625.8
_bM84 T. 2
100 _aMontejo Fonseca, Alfonso
_eAUT
245 0 _aIngeniería de pavimentos :
_bevaluación estructural, obras de mejoramiento y nuevas tecnologías
260 _c2008
300 _a495 páginas :
_c24 cm.
650 _a0
654 _aCIC
942 _cLIB
_dJUS
_fJUS
_2ddc
_n
999 _c23201
_d23201